Moderní malířství v kostce : od realismu k socialistickému realismu /

Hlavní autor: Kubišta, František, 1897-1971
Jazyk: Čeština
Vydáno: Praha : Sdružení výtvarníků Purkyně, 1949
Externí odkaz: Digitalizovaný dokument
Fyzický popis: 28 nečíslovaných stran : il., portréty ; 24 cm
Knihy
Uloženo v:
LEADER 00890nam a2200205 a 4500
001 000638236
003 CZ BrMZK
005 20220530123151.0
008 021126s1949 xr ac f 000 0 cze d
015 |a cnb003230702 
040 |a BOA001  |b cze  |c BOA001 
100 1 |a Kubišta, František,  |d 1897-1971  |7 jk01070447  |4 aut 
245 1 0 |a Moderní malířství v kostce :  |b od realismu k socialistickému realismu /  |c Fr. Kubišta 
260 |a Praha :  |b Sdružení výtvarníků Purkyně,  |c 1949 
300 |a 28 nečíslovaných stran :  |b il., portréty ;  |c 24 cm 
500 |a Dostupné též v digitální podobě v aplikaci Kramerius 
856 4 1 |u http://www.digitalniknihovna.cz/mzk/uuid/uuid:ca10e760-1eb6-11ed-af34-5ef3fc9bb22f  |y Digitalizovaný dokument  |x NDK 
910 |a BOA001  |b X-0770.262 
990 |a BK 
996 6 |b 2619502396  |c X-0770.262  |l MZK  |r Sklad / do 24 hodin  |n 3  |w 000638236  |u 000010  |a 1  |e BOA001  |j MZK50  |s P